Normal view
MARC view
Entry Topical Term
001 - CONTROL NUMBER
- control field: 725328
003 - CONTROL NUMBER IDENTIFIER
- control field:
005 - DATE AND TIME OF LATEST TRANSACTION
- control field: 20210627043901.0
008 - FIXED-LENGTH DATA ELEMENTS
- fixed length control field: 210627|| aca||aabn | a|a d
040 ## - CATALOGING SOURCE
- Original cataloging agency:
- Transcribing agency:
150 ## - HEADING--TOPICAL TERM
- Topical term or geographic name entry element: Heavy equipment
670 ## - SOURCE DATA FOUND
- Source citation: Work cat.: ()596116: United States. Department of Agriculture, Education, and Welfare 716525, Relationship between whole body vibration morbidity patterns among heavy equipment operators, 1974
